000 01823nas1a22003491i 4500
001 RU\NLR\INFOCOMM18\5000237575
005 20260407095926.0
035 _a(NLR Aleph) 002845419
090 _a2968741
_c2968741
100 _a20050312c1981 |||y0rusy50 ca
101 0 _arus
102 _aRU
110 _aayuzz 0|y|
200 1 _aЭкспресс-информация по материалам зарубежной печати
_iСерия "Авиационная технология"
_fНИИ авиац. технологии и орг. пр-ва
210 _aМ.
_d1981-
430 0 _12001#$aЭкспресс-информация$eЭИ
_1531##$aЭИ
_tЭкспресс-информация
710 0 2 _aНИИ авиационной технологии и организации производства
_cМосква
_3RU\NLR\AUTH\889925721
_9347252
801 1 _aRU
_bInfoComm
_c20050312
801 0 _aRU
_bNLR
_gPSBO
852 _aNLR
_jП49/1720
942 _cJOURNAL
980 _aRUSPER